[Event "Titled Tuesday intern op 01st June"]
[Site "Chess.com INT"]
[Date "2021.06.01"]
[Round "1"]
[White "Tran, Minh Thang"]
[Black "Zanette, Edgard Vinicius"]
[Result "1-0"]
[WhiteElo "2326"]
[BlackElo "2157"]
[PlyCount "39"]
[EventDate "2021.06.01"]
[EventType "swiss (blitz)"]
[EventRounds "11"]
[EventCountry "USA"]
[SourceTitle "CBM 202 Extra"]
[Source "ChessBase"]
[SourceDate "2021.07.31"]
[SourceVersion "1"]
[SourceVersionDate "2021.07.31"]
[SourceQuality "1"]

1. d4 d5 2. Bf4 Nf6 3. e3 c5 4. Nd2 Nc6 5. Ngf3 Qb6 6. dxc5 Qxc5 7. c4 e6 8. a3 dxc4 9. Nxc4 Nd5 10. b4 Ncxb4 11. axb4 Qxb4+ 12. Nfd2 Nxf4 13. exf4 Be7 14. Rb1 Qc3 15. Rb3 Qf6 16. Ne4 Qxf4 17. Ncd6+ Kf8 18. Rf3 Bxd6 19. Rxf4 Bxf4 20. Qd8# 1-0

[Event "VIE-ch"]
[Site "Ho Chi Minh City"]
[Date "2021.03.28"]
[Round "6"]
[White "Nguyen, Hoang Nam2222"]
[Black "Tran, Minh Thang"]
[Result "0-1"]
[WhiteElo "2200"]
[BlackElo "2320"]
[PlyCount "62"]
[EventDate "2021.03.24"]
[EventType "swiss"]
[EventRounds "9"]
[EventCountry "VIE"]
[SourceTitle "EXT 2022"]
[Source "ChessBase"]
[SourceDate "2021.10.06"]
[SourceVersion "1"]
[SourceVersionDate "2021.10.06"]
[SourceQuality "1"]

1. c4 e5 2. g3 c6 3. d4 Bb4+ 4. Bd2 Bxd2+ 5. Qxd2 d6 6. Nc3 Nf6 7. Bg2 0-0 8. e3 Qe7 9. Nge2 Na6 10. h3 h6 11. 0-0 e4 12. d5 Bf5 13. a3 c5 14. Rab1 Nb8 15. g4 Bg6 16. Ng3 Nbd7 17. Qe2 Rfe8 18. b4 Rac8 19. Na4 cxb4 20. axb4 Ne5 21. c5 Nd3 22. cxd6 Qxd6 23. Nc5 b6 24. Nxd3 exd3 25. Qa2 Rc2 26. Rb2 Rxe3 27. Rxc2 dxc2 28. fxe3 Qxg3 29. Kh1 Be4 30. Bxe4 Qxh3+ 31. Kg1 Qxf1+ 0-1

[Event "VIE-ch"]
[Site "Ho Chi Minh City"]
[Date "2021.03.26"]
[Round "4"]
[White "Nguyen, Van Toan Thanh"]
[Black "Tran, Minh Thang"]
[Result "0-1"]
[WhiteElo "2015"]
[BlackElo "2320"]
[PlyCount "99"]
[EventDate "2021.03.24"]
[EventType "swiss"]
[EventRounds "9"]
[EventCountry "VIE"]
[SourceTitle "EXT 2022"]
[Source "ChessBase"]
[SourceDate "2021.10.06"]
[SourceVersion "1"]
[SourceVersionDate "2021.10.06"]
[SourceQuality "1"]

1. e4 c5 2. Nf3 e6 3. c3 d5 4. exd5 Qxd5 5. d4 Nf6 6. Be2 Be7 7. Na3 0-0 8. Nb5 Na6 9. 0-0 Rd8 10. Be3 cxd4 11. Bxd4 Bd7 12. a4 Be8 13. Ne5 Bxb5 14. axb5 Nc5 15. Bf3 Qd6 16. b4 Ncd7 17. Nxd7 Qxd7 18. Qe2 Nd5 19. Rfd1 Qc8 20. Rac1 Qc7 21. Qe4 Bg5 22. Be5 Qe7 23. Ra1 Bf6 24. Bxf6 Qxf6 25. c4 Nc3 26. Rxd8+ Rxd8 27. Qe1 g6 28. Rxa7 Rd3 29. Rxb7 e5 30. Be2 Nxe2+ 31. Qxe2 e4 32. h3 Qd6 33. g3 e3 34. Kg2 Kg7 35. Qf3 Qe6 36. fxe3 Rd2+ 37. Kg1 Qxc4 38. Qf1 Qd5 39. Rc7 Rd1 40. Rxf7+ Kh6 41. b6 Rxf1+ 42. Rxf1 Qe4 43. Kf2 Qxb4 44. Rd1 Qxb6 45. Rd4 Qb2+ 46. Kf3 Qh2 47. h4 Qg1 48. Rd2 Qh1+ 49. Kf4 Qf1+ 50. Ke4 0-1

[Event "VIE-ch"]
[Site "Ho Chi Minh City"]
[Date "2021.03.25"]
[Round "2"]
[White "Nguyen, Phuoc Tam"]
[Black "Tran, Minh Thang"]
[Result "1/2-1/2"]
[WhiteElo "2165"]
[BlackElo "2320"]
[PlyCount "50"]
[EventDate "2021.03.24"]
[EventType "swiss"]
[EventRounds "9"]
[EventCountry "VIE"]
[SourceTitle "EXT 2022"]
[Source "ChessBase"]
[SourceDate "2021.10.06"]
[SourceVersion "1"]
[SourceVersionDate "2021.10.06"]
[SourceQuality "1"]

1. c4 e5 2. Nc3 Bb4 3. g3 Bxc3 4. bxc3 Nf6 5. Bg2 0-0 6. Nf3 d6 7. 0-0 Nc6 8. d3 h6 9. Ne1 e4 10. Nc2 exd3 11. exd3 Bg4 12. f3 Be6 13. Nd4 Nxd4 14. cxd4 d5 15. c5 b5 16. g4 Nh7 17. Bf4 a5 18. Bg3 f5 19. Qe2 Bc8 20. Be5 c6 21. Rae1 Bd7 22. Bd6 Rf7 23. Be7 Qc7 24. Bd6 Qd8 25. Be7 Qc7 1/2-1/2